000 00601 a2200193 4500
999 _c183088
_d183088
005 20211216112517.0
010 _aENG-130358
020 _c299.00
_a978-93-89253-05-4
035 _aEN-113890
037 _bDBAD / PUB
082 _a650.1
100 _aHill, Napoleon
245 _aThe Science of Sucess:
_cNapoleon Hill
250 _a2014
260 _bHachette Book Publishing India Pvt Ltd.
_c2014
_aHaryana
270 _bGurugram
_a4th & 5th Floors, Corporate Centre, Plot No. 94, Sector 44
_e122003
300 _aix, 214p.
_c20cm (pbk)
942 _adpl
_cEN
_2ddc
_h650.1
_mHIL